| 000 | 00483nam a22001697a 4500 | ||
|---|---|---|---|
| 005 | 20240108111155.0 | ||
| 008 | 190326b xxu||||| |||| 00| 0 eng d | ||
| 020 | _a978-93-51646-659-4 | ||
| 041 | _aeng | ||
| 100 |
_aJAIN, DR.KISHOR S .,DHUPEE,SHEETAL B.,AND BARSE,ROSHAN K. _98279 |
||
| 245 | _aA BOOK OF INDUSTRIAL PHARMACY-I SIMPLIFIED (SEM-V) | ||
| 250 | _a3 rd, 2018 | ||
| 260 |
_aPUNE _bNIRALI PRAKASHAN |
||
| 300 | _a4.42 p, | ||
| 650 |
_aPHARMACY _xD.PHARMA |
||
| 942 | _cBK | ||
| 999 |
_c5790 _d5788 |
||